00260nam a2200097Ia 4500008004100000100002700041245005100068260002600119260000900145300000800154170620s9999 xx 000 0 und d aGupta-Rakesh/Kapil-R.C 0aEncyclopaedia of World His in Phy.Edu & Sports bNew delhi.Friends Pub c2005 a143